000 00794nam a2200229Ia 4500
001 L503-2462C
003 IT-CnALBA
008 170116s9999||||xx |||||||||||||| ||und||
040 _aIT-CnALBA
_cIT-CnALBA
041 _aITALIANO
100 _aASTORI LUCA
245 0 _aGRANDE ENCICLOPEDIA DELLA SCIENZA E DELLA TECNOLOGIA. N. 25-48. DA MAG A ZWI.
250 _a1a ed.
260 _a NOVARA
_bDE AGOSTINI ISTITUTO GEOGR.
_c1997 [1° Ed.:1997 - Ed.Ling.Originale: 1997]
300 _a674 p.
500 _aINDICE ANALITICO. REPERTORIO.
501 _aSocietà San Paolo EM - Piazza San Paolo, 14 - 12051 ALBA (CN) (non commercial uses only) ® Copyright 2017
520 _aINDICE ANALITICO. REPERTORIO.
650 _aDIZIONARI DI SCIENZE PURE
942 _cBK
957 _71
999 _a29395
_bNO
_g Copie: 1
_c283732
_d283732